00868cam a22002534a 4500003000400000005001700004008004100021020002200062035002300084040002300107042000800130082002000138100002200158245007900180246003300259260002800292300004400320500005800364650002600422650003500448942001200483999001700495952010200512OSt20240530110425.0060407s2005 enka f 000 0 eng c a1903025176 (hbk.) a(OCoLC)ocm61177501 aEG-CaGPLcEG-CaGPL apcc04221a709.1\bN T0 aNasser D. Khalili14aThe timeline history of Islamic art and architecture /cNasser D. Khalili.3 aIslamic art and architecture aLondon :bWorth,c2005. a186 p. :bill. (chiefly col.) ;c38 cm. aIncludes semi-detached compass card following p. 186. 0aIslamic artxHistory. 0aIslamic architecturexHistory. 2ddccBK c60730d60730 00102ddc4070aCAIbCAId2015-03-22l0o709.1\ N Tp159838r2015-03-22 00:00:00w2015-03-22yBK